Riconosci il Pokémon - Quiz n°159 - Statistics

Statistiche generali
  • Questo quiz è stato fatto 1 volte
  • Il punteggio medio è 3 su 10
Statistiche sulle risposte
Indizio Risposta % Corretto
Tipo Erba / Volante
100%
Generazione Seconda
100%
Stadio evoluzione Seconda evoluzione
100%
Altezza 0,8 m
0%
Peso 3,0 kg
0%
Tasso di cattura 45 (11.9%)
0%
Sesso 50% ♂, 50% ♀
0%
Abilità Clorofilla; Fogliamento; Intrapasso
0%
Pokémon Jumpluff
0%
Tasso di allevamento Medio-Lento
0%
Nessun quiz corrispondente trovato
Distribuzione punteggi
Percentuale di utenti per punteggio
Percentile per numero di risposta
I tuoi punteggi nel tempo
Non hai fatto questo quiz